000 00827cam a22002174a 4500
005 20250605164300.0
008 250528s ||||||||||||||||||||||||d
035 _a22022
020 _a9789609318471
040 _aGR-AtMCL
_bgre
_dGR-AtMCL
_eAACR2
245 1 _aΕΙΣΑΓΩΓΗ ΣΤΗ ΔΙΕΘΝΗ ΟΙΚΟΝΟΜΙΚΗ
250 _a1
260 _bΑυτοεκδοση,
_c2010
300 _a460
505 0 _aΣΥΓΚΡΙΤΙΚΟ ΠΛΕΟΝΑΣΜΑ ΘΕΩΡΙΑ HECKSCHER-OHLIN ΕΠΕΝΔΥΣΕΙΣ ΠΟΛΥΕΘΝΙΚΕΣ ΕΠΙΧΕΙΡΗΣΕΙΣ
520 _aΣΥΓΚΡΙΤΙΚΟ ΠΛΕΟΝΑΣΜΑ ΘΕΩΡΙΑ HECKSCHER-OHLIN ΕΠΕΝΔΥΣΕΙΣ ΠΟΛΥΕΘΝΙΚΕΣ ΕΠΙΧΕΙΡΗΣΕΙΣ
700 1 _aΠαπαζογλου Χρηστος Ε
_97898
942 _cBK
999 _c7078
_d7078